The Management Labour/ (Record no. 216602)
[ view plain ]
| 000 -LEADER | |
|---|---|
| fixed length control field | 00689nam a2200217 4500 |
| 005 - DATE AND TIME OF LATEST TRANSACTION | |
| control field | 20260610163914.0 |
| 010 ## - LCCN (DPL NO) | |
| LC control number | ENG-148820 |
| 020 ## - INTERNATIONAL STANDARD BOOK NUMBER | |
| Terms of availability | 1495.00 |
| International Standard Book Number | 9789393330826 |
| 035 ## - SYSTEM CONTROL NUMBER | |
| System control number | EN-132352 |
| 037 ## - SOURCE OF ACQUISITION | |
| Source of stock number/acquisition | DBAD |
| 082 ## - DEWEY DECIMAL CLASSIFICATION NUMBER | |
| Classification number | 618.4 |
| Edition number | 4 |
| 100 ## - MAIN ENTRY--PERSONAL NAME | |
| Personal name | Arulkumaran, Sabaratnam |
| 245 ## - TITLE STATEMENT | |
| Title | The Management Labour/ |
| Statement of responsibility, etc | Sabaratnam Arulkumaran; Gita Arjun [and] Uma Ram |
| 250 ## - EDITION STATEMENT | |
| Edition statement | 1 |
| 260 ## - PUBLICATION, DISTRIBUTION, ETC. (IMPRINT) | |
| Place of publication, distribution, etc | Hyderabad |
| Name of publisher, distributor, etc | Universities Press (India) Pvt. Ltd. |
| Date of publication, distribution, etc | 2025 |
| 270 ## - ADDRESS | |
| Address | 3-6-747/A & 3-6-754/1, Himayatnagar |
| City | Hyderabad |
| Postal code | 500029 |
| 300 ## - PHYSICAL DESCRIPTION | |
| Extent | 547p. |
| Dimensions | 25cm(pb) |
| 700 ## - ADDED ENTRY--PERSONAL NAME | |
| Personal name | Gita Arjun |
| Relator term | Author |
| 9 (RLIN) | 13754 |
| 700 ## - ADDED ENTRY--PERSONAL NAME | |
| Personal name | Uma Ram |
| Relator term | Author |
| 9 (RLIN) | 89356 |
| 942 ## - ADDED ENTRY ELEMENTS (KOHA) | |
| Source of classification or shelving scheme | Dewey Decimal Classification |
| Item type | English Books |
| Classification part | 618.4 |
| Call number suffix | ARU |
| Withdrawn status | Lost status | Not for loan | Collection code | Home library | Current library | Date acquired | Source of acquisition | Cost, normal purchase price | Full call number | Barcode | Copy number | Cost, replacement price | Koha item type |
|---|---|---|---|---|---|---|---|---|---|---|---|---|---|
| Not For Loan | Non-fiction | D.B.Act.Division | D.B.Act.Division | 10/06/2026 | Delivery of Books Act Division | 1495.00 | 618.4 ARU | EN-132352 | 1 | 1495.00 | English Books |
